000 01153nam0a22002411 4500
001 rc\2903905
005 20250529221153.0
035 _a(NLR Aleph) 007055107
090 _a6229547
_c6229547
100 _a20110730d1930 |||y0rusy50 ca
101 0 _arus
102 _aRU
105 _ay z |||||
200 1 _aРезолюции V пленума Центрального комитета Общества красного креста РСФСР
_fС предисл. пред. О-ва М.И. Баранова
210 _aМосква
_aЛенинград
_cГос. мед. изд-во
_d1930
_e[Москва]
_gтип. "Кино-печатник"
215 _a39 с., [1] с. "Для заметок"
_d18х13 см
702 1 _4080
_7ca
_8rus
_aБаранов
_bМ. И.
_cорганизатор воен. здравоохранения
_f1888-1938
_gМихаил Иванович
_9264980
_3RU\NLR\AUTH\770265036
710 0 2 _aОбщество Красного Креста РСФСР
_bЦентральный комитет
_bПленум
_f1930
801 0 _aRU
_bNLR
_gpsbo
801 1 _aRU
_bELAR
_2rusmarc
852 _aNLR
_j30-9/547
942 _cBOOK
980 _aNB